In Plain English: A Midsummer Night's Dream Quiz Stats

 Plays Quiz Updated May 14, 2018

Challenge
Share
Tweet
Embed
Score 0/22 Timer 08:00
5 Plays Today
% Correct
I cry more than she does.
91.4%
I love how you look and sound.
90.8%
They're just trying to scare me.
89.1%
I've matured.
89%
If you didn't like this play, just pretend it was a dream.
88.4%
It'll be morning soon.
88.1%
We'll be married soon.
88.1%
You've no reason to be upset.
86.2%
This all happened because we were fighting.
86%
It's fun to watch them fight.
85.4%
I will never, ever sleep with that man.
85.1%
% Correct
I'll avoid your usual hangouts.
85.1%
Let's share a bed.
85.1%
They all freaked out when they saw him.
84.7%
I'll go fast.
84.6%
We've always been close.
83.9%
Think I'll take a nap.
82.5%
You have a very pale complexion.
82.4%
Please applaud.
82.3%
I've had more than enough of you.
81.7%
Women are better off getting married.
80.5%
Go away.
75.2%

You're not logged in!

Compare scores with friends on all Sporcle quizzes.
OR
Log In

You Might Also Like...

Show Comments

Extras

Top Quizzes Today


Score Distribution

Your Account Isn't Verified!

In order to create a playlist on Sporcle, you need to verify the email address you used during registration. Go to your Sporcle Settings to finish the process.

Report this User

Report this user for behavior that violates our Community Guidelines.

Details: